| 000 | 00768nam 22002293 4500 | ||
|---|---|---|---|
| 001 | 198198 | ||
| 010 | _a978-972-0-73021-3 | ||
| 021 | _b460362/19 | ||
| 090 | _a198198 | ||
| 100 | _a20251001d u||y0pory50 ba | ||
| 200 |
_aAs Aventuras de Huckleberry Finn _fMark Twain _gilustrações de Weberson Santiago _gadaptação para a língua portuguesa de Filomena Aguiar de Vasconcelos |
||
| 205 | _a1ª | ||
| 210 |
_aLisboa _cPorto Editora _d2019 |
||
| 215 |
_a444, [4] p. _cbrochado _d21 cm |
||
| 225 |
_a#clássicos _v4 |
||
| 300 | _aCom apresentação de Jo March (Mulherzinhas). | ||
| 606 |
_957 _aLiteratura Juvenil Americana |
||
| 675 |
_a821.111(73)-93 _vPT _zpor |
||
| 700 |
_9784 _aTwain _bMark _f1835-1910 |
||
| 801 |
_aPT _bBMMN _gRPC |
||
| 830 | _cAna Caetano | ||
| 990 | _cLIVROS | ||